000 00611nam a2200205 4500
001 131482
003 ES-MaACL
005 20230906194005.0
007 t|
008 070214s1964 sp r ||||1| spa d
100 1 _aRodríguez Aguilera, Cesáreo.
_998320
245 1 0 _aRafols Casamada /
_cCesáreo Rodríguez Aguilera.
250 _a1ª. ed.
260 _aSantander :
_b[s.n.],
_c1964 (
_fGráf. Gonzalo Bedia)
300 _a64 p., 11 lám. ;
_c16 cm.
490 1 _aLa isla de los ratones
830 0 _aLa isla de los ratones
_9219579
852 _aES-MaACL
_jC-26497
_bR.54970
999 _c131482
_d131482